000 01118nam a22003497a 4500
003 CHAP
005 20220329141458.0
008 971013s1982 r 00010 d
010 _a68795
011 _a69767
035 _a79245
040 _cCHAP
090 _aTesis
100 0 0 _aRuiz Vega, Jaime.
_9100803
245 _aDrought stress effects on determinante soybeans
260 _aAmes, Iowa :
_bThe author,
_c1982
300 _a152 h.
_b: gráfs.
500 _a31-192
502 _aTesis (Master of Science) -- Iowa State University. Department of Agronomy
590 _aALEPH
_b10
_c20130110
_lUCH01
_h1406
590 _aBATCH-UPD
_b10
_c20130110
_lUCH01
_h0418
590 _aBATCH-UPD
_b10
_c20130110
_lUCH01
_h2249
590 _aBATCH-UPD
_b10
_c20130410
_lUCH01
_h0052
590 _aBATCH-UPD
_b10
_c20130914
_lUCH01
_h2010
590 _aCONVERSION
_b10
_c20130109
_lUCH01
_h1338
650 1 4 _aSoya
_xAgua requerida.
_9109015
650 1 4 _aSoya
_xEfecto de las sequías.
_9109040
650 1 4 _aSoya
_xRendimiento.
_9109084
901 _aBK
942 _cTESIS
949 _bBC
_cTES
_d-32130
_eTS1
_h21530
_i79245
_si
999 _c68795
_d68795